[Event "Cto España Primera"]
[Site "?"]
[Date "????.??.??"]
[Round "2.24"]
[White "Rahal, Michael"]
[Black "Visier Segovia, Fernando"]
[Result "1/2-1/2"]
[WhiteElo "2403"]
[BlackElo "2265"]
[PlyCount "72"]
[SourceDate "2003.01.01"]

1. e4 c5 2. Nf3 Nc6 3. d4 cxd4 4. Nxd4 g6 5. c4 Bg7 6. Nc2 d6 7. Be2 f5 8. exf5
Bxf5 9. O-O Nh6 10. Nc3 O-O 11. Ne3 Bd7 12. Bf3 Kh8 13. Bd2 Nd4 14. Be4 Nhf5
15. Rc1 Rb8 16. b3 a6 17. Ne2 Nxe2+ 18. Qxe2 Nd4 19. Qd3 Bc6 20. Rfe1 e5 21.
Nc2 Ne6 22. Be3 Nf4 23. Bxf4 Rxf4 24. Bxc6 bxc6 25. Rcd1 Qb6 26. Qe3 Qa5 27. a3
d5 28. g3 Rf7 29. cxd5 cxd5 30. Qd3 Qb6 31. Ne3 d4 32. Nc4 Qxb3 33. Nxe5 Bxe5
34. Rxe5 Qxd3 35. Rxd3 Rb1+ 36. Kg2 Rb2 1/2-1/2

[Event "Cto España Primera"]
[Site "?"]
[Date "????.??.??"]
[Round "2.25"]
[White "Gaya Llodra, Juan"]
[Black "Conquest , Stuart"]
[Result "0-1"]
[WhiteElo "2246"]
[BlackElo "2545"]
[PlyCount "66"]
[SourceDate "2003.01.01"]

1. d4 Nf6 2. Nf3 c5 3. d5 g6 4. Nc3 d6 5. e4 Bg7 6. Be2 O-O 7. O-O Na6 8. Nd2
Rb8 9. a4 Ne8 10. Nb5 Ra8 11. Nc4 f5 12. exf5 Bxf5 13. Ne3 Bd7 14. h4 Nf6 15.
Nc3 Nb4 16. g4 Qe8 17. f4 Kh8 18. Kg2 e6 19. dxe6 Qxe6 20. Bf3 Bc6 21. Bxc6
bxc6 22. f5 gxf5 23. Nxf5 Nfd5 24. Re1 Qg8 25. Ne4 Be5 26. Bg5 c4 27. Nexd6
Bxb2 28. Rb1 Bc3 29. Qf3 Nxc2 30. Re2 Nd4 31. Qxc3 Nxc3 32. Nxd4 Nxe2 33. N4f5
Qd5+ 0-1

[Event "Cto España Primera"]
[Site "?"]
[Date "????.??.??"]
[Round "2.27"]
[White "Pons Morro , Pedro"]
[Black "Sion Castro, Marcelino"]
[Result "1/2-1/2"]
[WhiteElo "2209"]
[BlackElo "2390"]
[PlyCount "44"]
[SourceDate "2003.01.01"]

1. d4 d5 2. c4 e6 3. Nc3 Nf6 4. Nf3 Nbd7 5. cxd5 exd5 6. Bg5 c6 7. e3 Be7 8.
Bd3 Nh5 9. Bxe7 Qxe7 10. O-O O-O 11. Qc2 Nhf6 12. a3 a5 13. Rab1 g6 14. Rfe1
Qd6 15. h3 Re8 16. Rbc1 Kg7 17. Nd2 Nf8 18. Na4 N8d7 19. Qc3 Kg8 20. Qc2 Kg7
21. Qc3 Kg8 22. Qc2 Kg7 1/2-1/2

[Event "Cto España Primera"]
[Site "?"]
[Date "????.??.??"]
[Round "2.28"]
[White "Navarro Cia, Miguel"]
[Black "Mas Garces, Juan Carlos"]
[Result "1-0"]
[WhiteElo "2337"]
[BlackElo "2150"]
[PlyCount "87"]
[SourceDate "2003.01.01"]

1. e4 c5 2. Nf3 g6 3. d4 Bg7 4. d5 d6 5. Bb5+ Bd7 6. a4 a6 7. Be2 Bg4 8. Nfd2
Bxe2 9. Qxe2 Nd7 10. a5 Ngf6 11. Nc3 O-O 12. O-O Ne8 13. Nc4 e5 14. dxe6 fxe6
15. Rd1 Qe7 16. Be3 Rc8 17. Qd2 Ne5 18. Nxd6 Nxd6 19. Qxd6 Qxd6 20. Rxd6 Nc4
21. Rxe6 Nxe3 22. fxe3 Bxc3 23. bxc3 Rce8 24. Rxe8 Rxe8 25. Kf2 Rxe4 26. Ke2
Kf8 27. Kd3 Rg4 28. g3 c4+ 29. Ke2 Rg5 30. e4 Rb5 31. Ra4 Ke8 32. Rxc4 Rxa5 33.
Rc7 Rb5 34. Rxh7 a5 35. c4 Rb1 36. Kd3 Kd8 37. c5 Kc8 38. Rh8+ Kc7 39. Ra8 Rb5
40. Kd4 Rb2 41. Rxa5 Rxc2 42. h4 Kc6 43. Ra3 Rxc5 44. Rf3 1-0

[Event "Cto España Primera"]
[Site "?"]
[Date "????.??.??"]
[Round "2.29"]
[White "Flear, Glenn"]
[Black "Bernal Moro, Luis Javier"]
[Result "1/2-1/2"]
[WhiteElo "2516"]
[BlackElo "2410"]
[PlyCount "54"]
[SourceDate "2003.01.01"]

1. d4 Nf6 2. c4 c5 3. d5 e5 4. Nc3 d6 5. e4 g6 6. Bg5 Be7 7. h4 Nbd7 8. Be2 h5
9. g3 Kf8 10. Kf1 Kg7 11. Kg2 Ng8 12. Be3 Nh6 13. Nh3 Nf6 14. f3 Bxh3+ 15. Rxh3
Nfg8 16. Qd2 f5 17. exf5 Nxf5 18. Bd3 Ngh6 19. Bg1 Qd7 20. Rf1 Raf8 21. Ne4 Nd4
22. Ng5 Bxg5 23. hxg5 Nhf5 24. Be4 Rf7 25. b3 b6 26. Qd3 Qd8 27. Be3 Nxe3+
1/2-1/2

[Event "Cto España Primera"]
[Site "?"]
[Date "????.??.??"]
[Round "2.22"]
[White "Lopez, Jose M. "]
[Black " Herraiz, Herminio"]
[Result "1-0"]
[WhiteElo "2425"]
[BlackElo "2499"]
[PlyCount "128"]
[SourceDate "2003.01.01"]

1. d4 f5 2. Nc3 d5 3. Bg5 g6 4. Qd2 Bg7 5. O-O-O Be6 6. f3 h6 7. Bf4 Nf6 8. h4
c6 9. e3 Nbd7 10. Bd3 Bf7 11. Nh3 b5 12. Kb1 Nb6 13. g4 fxg4 14. fxg4 Nxg4 15.
Rhg1 Qd7 16. Qe2 h5 17. Ng5 b4 18. Nb5 Rc8 19. Rdf1 Bf6 20. Nxf7 Kxf7 21. Nd6+
exd6 22. Bg5 Rcf8 23. Rxg4 Qxg4 24. Rxf6+ Ke8 25. Bxg6+ Kd7 26. Bf5+ Qxf5 27.
Rxf5 Rxf5 28. Qa6 Ke6 29. b3 Rh7 30. Qd3 Rhf7 31. Kb2 Kd7 32. Qa6 Ke6 33. Bd8
Rf3 34. Bxb6 axb6 35. Qc8+ Ke7 36. Qc7+ Ke6 37. Qxc6 Rxe3 38. Qe8+ Re7 39. Qxh5
Re4 40. Qh8 Kd7 41. h5 Rf4 42. h6 Rf2 43. Qa8 Rh2 44. Qb7+ Ke6 45. Qxb6 Rxh6
46. Qxb4 Rc7 47. Qb8 Rhh7 48. a4 Kf5 49. a5 Ke4 50. Qb6 Rhd7 51. a6 Rc8 52. Qb5
Ra7 53. Qe2+ Kf4 54. Qf2+ Kg4 55. Qg2+ Kf4 56. Qh2+ Kg4 57. Qxd6 Rca8 58. Qxd5
Rxa6 59. b4 Kf4 60. b5 Ra5 61. Qb3 Rb8 62. Qf7+ Ke3 63. Qe7+ Kxd4 64. Qb4+ Kd5
1-0

[Event "Cto España Primera"]
[Site "?"]
[Date "????.??.??"]
[Round "2.23"]
[White "Damaso, Rui "]
[Black "Lacasa, Josep "]
[Result "1-0"]
[WhiteElo "2460"]
[BlackElo "2413"]
[PlyCount "79"]
[SourceDate "2003.01.01"]

1. e4 c5 2. Nf3 e6 3. d4 cxd4 4. Nxd4 Nf6 5. Nc3 d6 6. Be3 a6 7. g4 h6 8. Bg2
Nc6 9. h3 Bd7 10. f4 Qc7 11. Qe2 Na5 12. O-O-O Nc4 13. Kb1 Nxe3 14. Qxe3 e5 15.
Nf5 Bc6 16. Rhf1 O-O-O 17. fxe5 dxe5 18. Rxd8+ Qxd8 19. Qa7 Qc7 20. Nd5 Qb8 21.
Qe3 Nxd5 22. exd5 Bd7 23. d6 Bxd6 24. Qc3+ Kd8 25. Nxg7 Rf8 26. Qb3 Ke7 27. Bd5
Qc7 28. Qf3 f6 29. Rd1 b5 30. Nf5+ Bxf5 31. Qxf5 Qd7 32. Qh7+ Kd8 33. Qxh6 Kc7
34. Qe3 Rh8 35. Qa7+ Kd8 36. Qxa6 Ke7 37. Bc6 Qc7 38. Qxb5 Rxh3 39. Be4 Rh2 40.
Qb3 1-0

[Event "Cto España Primera"]
[Site "?"]
[Date "????.??.??"]
[Round "2.16"]
[White "Garcia, Raul "]
[Black "Cramling, Pia "]
[Result "0-1"]
[WhiteElo "2273"]
[BlackElo "2470"]
[PlyCount "94"]
[SourceDate "2003.01.01"]

1. d4 Nf6 2. Nf3 c5 3. d5 b5 4. Bg5 Ne4 5. Bf4 Bb7 6. Qd3 f5 7. Nc3 c4 8. Qd4
Na6 9. Nxe4 fxe4 10. Qxe4 Nb4 11. c3 Nxd5 12. Qd4 e6 13. Bg5 Qb6 14. Qxb6 Nxb6
15. Nd4 a6 16. f3 e5 17. Nc2 d5 18. O-O-O Bc5 19. e3 O-O 20. Be2 a5 21. a3 Rae8
22. Rhf1 Na4 23. Rfe1 Bb6 24. Bh4 Nc5 25. Bf1 h6 26. Bg3 Kh7 27. h3 Bc7 28. Kb1
Bb8 29. Bh2 Rd8 30. Bg1 Nb3 31. Be2 Bc8 32. e4 dxe4 33. fxe4 Bb7 34. Bf3 Bc7
35. a4 bxa4 36. Be3 Rd3 37. Na3 Ba6 38. Kc2 Rfd8 39. Nb1 Na1+ 40. Kc1 Nb3+ 41.
Kc2 Na1+ 42. Kc1 Rb8 43. Bd2 Bd6 44. Be2 Bc5 45. Rf1 Rd7 46. Na3 Bxa3 47. bxa3
Rdb7 0-1

[Event "Cto España Primera"]
[Site "?"]
[Date "????.??.??"]
[Round "2.1"]
[White "Cifuentes Parada, Roberto"]
[Black "Kogan, Artur"]
[Result "*"]
[WhiteElo "2501"]
[BlackElo "2556"]
[PlyCount "44"]
[SourceDate "2003.01.01"]

1. d4 Nf6 2. Nf3 e6 3. c4 b6 4. g3 Ba6 5. Qa4 c5 6. Bg2 Bb7 7. dxc5 Bxc5 8. Nc3
O-O 9. O-O Be7 10. Rd1 Na6 11. Bf4 Nc5 12. Qc2 a6 13. Be5 Nfe4 14. Nxe4 Bxe4
15. Qd2 d5 16. Qf4 Qe8 17. cxd5 Bxd5 18. b3 f6 19. Bb2 Qf7 20. Nd2 Bxg2 21.
Kxg2 e5 22. Qf3 Qe6 *

[Event "Cto España Primera"]
[Site "?"]
[Date "????.??.??"]
[Round "2.2"]
[White "Capape, Gil "]
[Black "Pablo, Alejandro "]
[Result "1-0"]
[WhiteElo "2444"]
[BlackElo "2413"]
[PlyCount "73"]
[SourceDate "2003.01.01"]

1. d4 Nf6 2. c4 e6 3. Nf3 b6 4. e3 Bb7 5. Bd3 d6 6. Nc3 c5 7. O-O Be7 8. b3
Nbd7 9. Bb2 a6 10. Qe2 O-O 11. Rad1 Re8 12. Bb1 Qc7 13. e4 cxd4 14. Nxd4 d5 15.
exd5 exd5 16. Nxd5 Bxd5 17. cxd5 Bd6 18. Qf3 Bxh2+ 19. Kh1 Be5 20. Ba3 Bxd4 21.
Rxd4 Qe5 22. Rfd1 Qe2 23. Qxe2 Rxe2 24. Kg1 h5 25. Kf1 Rae8 26. R4d2 Rxd2 27.
Rxd2 Re5 28. d6 g6 29. Bb2 Re6 30. a4 Ne4 31. Bxe4 Rxe4 32. Rc2 Re8 33. Rc7 Rd8
34. Ra7 a5 35. Rb7 Nc5 36. Rxb6 Ne4 37. f3 1-0

[Event "Cto España Primera"]
[Site "?"]
[Date "????.??.??"]
[Round "2.31"]
[White "Izeta, Felix"]
[Black "Mate Adan, Jose"]
[Result "1/2-1/2"]
[WhiteElo "2463"]
[BlackElo "2188"]
[PlyCount "119"]
[SourceDate "2003.01.01"]

1. d4 d5 2. Nf3 Nc6 3. c4 Bg4 4. cxd5 Bxf3 5. dxc6 Bxc6 6. Nc3 Nf6 7. f3 e5 8.
dxe5 Qxd1+ 9. Kxd1 O-O-O+ 10. Kc2 Nd7 11. e6 fxe6 12. Bg5 Re8 13. e4 Bc5 14.
Rd1 h6 15. Bh4 g5 16. Bg3 a6 17. a3 Be3 18. b4 Bf4 19. Bf2 Bd6 20. Kb3 Rhf8 21.
h3 Re7 22. a4 Ne5 23. b5 axb5 24. axb5 Be8 25. Be2 Ng6 26. Rd2 Nf4 27. Ra1 e5
28. Bf1 Bf7+ 29. Bc4 Bxc4+ 30. Kxc4 Kd7 31. Ra7 Rb8 32. b6 Ke6 33. Nb5 Rd7 34.
bxc7 Bxc7 35. Raa2 Rc8 36. Rxd7 Kxd7 37. Rd2+ Ke6 38. Bc5 Bb8 39. Kb4 Rh8 40.
Be3 Ng6 41. Bc5 Nf4 42. Na3 Rc8 43. Nc4 Bc7 44. Kb5 Rd8 45. Rb2 Rd1 46. Ne3 Ra1
47. Bf8 h5 48. Kc4 Rc1+ 49. Kb3 Bb6 50. Nf5 Bd4 51. Nxd4+ exd4 52. Bh6 Rc5 53.
Rd2 h4 54. Bg7 d3 55. Bd4 Rc2 56. Be3 Nxg2 57. Bxg5 Ne1 58. Rd1 Nxf3 59. Rxd3
Rf2 60. Be3 1/2-1/2

[Event "Cto España Primera"]
[Site "?"]
[Date "????.??.??"]
[Round "2.5"]
[White "Rustemov, Alexander"]
[Black "Garcia Castro, Pablo"]
[Result "1-0"]
[WhiteElo "2604"]
[BlackElo "2356"]
[PlyCount "127"]
[SourceDate "2003.01.01"]

1. d4 c5 2. d5 g6 3. c4 Bg7 4. e4 d6 5. Nc3 e6 6. Bd3 exd5 7. cxd5 a6 8. a4 Ne7
9. h4 h5 10. Nge2 Nd7 11. O-O Ne5 12. Rb1 Bh6 13. Bc2 Ng8 14. f4 Ng4 15. g3 Bg7
16. f5 Be5 17. Bg5 f6 18. Bd2 g5 19. hxg5 h4 20. Nf4 Bd4+ 21. Kg2 hxg3 22. Qxg4
Rh2+ 23. Kxg3 Rxd2 24. Qh5+ Kd7 25. Ne6 Qe7 26. a5 b5 27. g6 Rxc2 28. Rh1 Qe8
29. Qd1 Be5+ 30. Kf3 Rh2 31. Rxh2 Bxh2 32. Qe2 Be5 33. Rh1 Ne7 34. Rh7 Bxc3 35.
bxc3 Bb7 36. Qh2 b4 37. c4 Rb8 38. Qa2 Kc8 39. Qb3 Ba8 40. Rf7 Kb7 41. Qb2 Ka7
42. Qb3 Bb7 43. Kg2 Bc8 44. Rf8 Qd7 45. Rxf6 Qb7 46. Nf4 Bd7 47. Rf7 Re8 48.
Kf3 Ka8 49. Nh5 Ng8 50. Ng7 Rd8 51. Ne6 Re8 52. Kf4 Qc8 53. Qh3 Bxe6 54. dxe6
d5 55. cxd5 c4 56. d6 c3 57. Qe3 Ne7 58. Rxe7 Rxe7 59. dxe7 c2 60. Kg4 b3 61.
Qc1 Qe8 62. g7 Kb7 63. Qa3 Qb5 64. e8=Q 1-0

[Event "Cto España Primera"]
[Site "?"]
[Date "????.??.??"]
[Round "2.7"]
[White "Romero Holmes, Alfonso"]
[Black "Pita-Romero Rodriguez, Rafael"]
[Result "0-1"]
[WhiteElo "2544"]
[BlackElo "2099"]
[PlyCount "92"]
[SourceDate "2003.01.01"]

1. d4 f5 2. Nc3 Nf6 3. Bg5 d5 4. Qd3 e6 5. O-O-O c6 6. f3 Be7 7. e4 O-O 8. Nh3
b5 9. exf5 exf5 10. Ne2 Na6 11. Qd2 Nb4 12. Kb1 a5 13. Ng3 a4 14. c3 Na6 15.
Bd3 b4 16. c4 dxc4 17. Bxc4+ Nd5 18. Bxe7 Qxe7 19. Nf4 Nac7 20. Rhe1 Qd6 21.
Re5 Kh8 22. Bxd5 Nxd5 23. Nxd5 cxd5 24. f4 b3 25. a3 Ba6 26. Rc1 Rac8 27. Ree1
Bc4 28. Rc3 Qa6 29. Ree3 Qh6 30. Re1 Qa6 31. Re5 Rf7 32. Qe3 Qb5 33. Nxf5 Rfc7
34. Kc1 Bd3 35. Rxc7 Rxc7+ 36. Kd1 h6 37. Nd6 Bc2+ 38. Ke1 Qd7 39. Ne8 Rc6 40.
Re7 Qg4 41. Kf2 Qh4+ 42. Kg1 Be4 43. Rc7 Qg4 44. Qd2 Rc2 45. h3 Qg3 46. Rxc2
bxc2 0-1

[Event "Cto España Primera"]
[Site "?"]
[Date "????.??.??"]
[Round "2.4"]
[White "Anglada Lobarte, Jose Andres"]
[Black "Gonzalez Lopez, Antonio"]
[Result "1/2-1/2"]
[WhiteElo "2209"]
[BlackElo "2152"]
[PlyCount "115"]
[SourceDate "2003.01.01"]

1. e4 e5 2. Nf3 Nc6 3. d4 exd4 4. Nxd4 d6 5. g3 Nf6 6. Bg2 Bd7 7. O-O Be7 8. c4
O-O 9. Nc3 Re8 10. b3 Bf8 11. Bb2 a6 12. Re1 Rb8 13. Nd5 Nxd5 14. cxd5 Nxd4 15.
Qxd4 c5 16. dxc6 bxc6 17. Rad1 Qa5 18. Ra1 Be6 19. Bc3 Qa3 20. Qd2 Red8 21. Bb2
Qb4 22. Bc3 Qa3 23. Bb2 Qb4 24. Bc3 Qa3 25. Bf1 d5 26. Bb2 Qe7 27. Bxa6 dxe4
28. Qe3 Bd5 29. Bf1 Qb4 30. Bc3 Qa3 31. Bg2 Bb4 32. Re2 Bxc3 33. Qxc3 Qb4 34.
Qc2 f5 35. Rc1 Ra8 36. Qc5 Qxc5 37. Rxc5 g6 38. Rd2 Kf7 39. Bf1 Ke6 40. Rdc2
Ra7 41. Rd2 Rb8 42. h4 h6 43. Be2 Kd6 44. Rc1 g5 45. hxg5 hxg5 46. Bc4 Ra5 47.
Kf1 Ke5 48. Ke2 Rba8 49. b4 Bxc4+ 50. Rxc4 Rd5 51. Rxc6 Rxd2+ 52. Kxd2 Rxa2+
53. Ke1 f4 54. Rc5+ Kd4 55. Rxg5 f3 56. Rg8 Ra1+ 57. Kd2 Ra2+ 58. Ke1 1/2-1/2

[Event "Cto España Primera"]
[Site "?"]
[Date "????.??.??"]
[Round "2.3"]
[White "Pomes Marcet, Juan"]
[Black "Ramo Fontiñan, Cristobal"]
[Result "1/2-1/2"]
[WhiteElo "2379"]
[BlackElo "2317"]
[PlyCount "140"]
[SourceDate "2003.01.01"]

1. d4 d6 2. c4 e5 3. Nc3 Nd7 4. Nf3 Ngf6 5. g3 g6 6. Bg2 Bg7 7. O-O O-O 8. e4
exd4 9. Nxd4 a5 10. h3 Nc5 11. Re1 Nfd7 12. f4 a4 13. Be3 Re8 14. Rb1 c6 15. b3
axb3 16. axb3 Ra3 17. Bf2 Nf8 18. Qc2 f5 19. e5 dxe5 20. Nxc6 Qd3 21. Qd1 Nfe6
22. Nb5 Rxb3 23. Qxd3 Rxd3 24. Nxe5 Rd2 25. Be3 Rdd8 26. Bd5 Kf8 27. Nc7 Re7
28. Nxe6+ Nxe6 29. Rb6 Ke8 30. Reb1 Nf8 31. Bxb7 Bxe5 32. fxe5 Bxb7 33. Rxb7
Rxe5 34. Bf4 Re4 35. c5 Ne6 36. Bd6 Rd7 37. Rb8+ Kf7 38. R1b7 Rxb7 39. Rxb7+
Ke8 40. Re7+ Kd8 41. Rxh7 Rc4 42. Rh6 Nxc5 43. Rxg6 Ne4 44. Bf4 Ke7 45. h4 Kf7
46. Ra6 Nf6 47. Kf2 Rc2+ 48. Ke1 Rh2 49. Ra7+ Kg6 50. Be5 Ng4 51. Bf4 Nf6 52.
Kf1 Ng4 53. Kg1 Rb2 54. Ra6+ Kh7 55. Ra5 Rb1+ 56. Kg2 Rb2+ 57. Kf1 Kg6 58. h5+
Kf6 59. Ra6+ Kf7 60. h6 Rh2 61. Kg1 Rh5 62. Kg2 Kg8 63. Kf1 Kh7 64. Ra7+ Kh8
65. Ke2 Nxh6 66. Kd3 Ng4 67. Kd4 Rh7 68. Ra8+ Kg7 69. Kd5 Kf7 70. Ra5 Rh1
1/2-1/2

[Event "Cto España Primera"]
[Site "?"]
[Date "????.??.??"]
[Round "2.26"]
[White "De la Villa Garcia, Jesus M."]
[Black "Pont Mulet, Antonio"]
[Result "1-0"]
[WhiteElo "2477"]
[BlackElo "2215"]
[PlyCount "121"]
[SourceDate "2003.01.01"]

1. e4 Nf6 2. e5 Nd5 3. d4 d6 4. Nf3 Bg4 5. Be2 c6 6. c4 Nb6 7. exd6 exd6 8. O-O
Be7 9. Nbd2 O-O 10. Bd3 N8d7 11. Qc2 Nf6 12. h3 Bh5 13. Nh4 Bg6 14. Nxg6 hxg6
15. Nf3 Re8 16. Be3 Nbd7 17. Rad1 d5 18. b3 Qc7 19. Ng5 Nf8 20. Rfe1 Rad8 21.
c5 Nh5 22. Nf3 Nf4 23. Bf1 N4e6 24. g3 Bf6 25. b4 a6 26. a4 Nh7 27. h4 g5 28.
Bd3 g6 29. hxg5 Bg7 30. Kg2 Rd7 31. Rh1 Qd8 32. Qd2 Rde7 33. Rh4 Qc7 34. Rdh1
Nhf8 35. Qc1 Qc8 36. R1h3 f5 37. Ne5 Nxd4 38. Bxd4 Rxe5 39. Bxe5 Rxe5 40. Rh1
Qe6 41. Qd2 Qe7 42. Rc1 Nh7 43. f4 Re3 44. Rhh1 Nxg5 45. Rhe1 Rxe1 46. Rxe1 Ne4
47. Bxe4 fxe4 48. Qe2 a5 49. bxa5 Qxc5 50. a6 bxa6 51. Qxa6 Qc3 52. Qc8+ Kf7
53. Qc7+ Kf8 54. Qd6+ Kf7 55. Qd7+ Kf8 56. Rf1 e3 57. f5 g5 58. Qd6+ Ke8 59. f6
Qc2+ 60. Kg1 Bxf6 61. Qxf6 1-0

[Event "Cto de España"]
[Site "?"]
[Date "????.??.??"]
[Round "3.3"]
[White "Rahal , Michael"]
[Black "Gomez Lopez, Roberto"]
[Result "1-0"]
[WhiteElo "2403"]
[BlackElo "2094"]
[PlyCount "49"]
[SourceDate "2003.01.01"]

1. e4 c6 2. d4 d5 3. e5 Bf5 4. Nf3 e6 5. Be2 c5 6. O-O Nc6 7. c3 Be7 8. h3 h5
9. dxc5 Qc7 10. Be3 h4 11. Qa4 Kf8 12. Nbd2 Nxe5 13. Nxe5 Qxe5 14. Nf3 Qc7 15.
c4 Nf6 16. Rac1 e5 17. cxd5 Nxd5 18. Bd2 Bf6 19. Bc4 Ne7 20. Ng5 Bg6 21. Rfe1
Rd8 22. Ba5 b6 23. cxb6 axb6 24. Nxf7 Qd7 25. Rcd1 1-0

[Event "Cto de España"]
[Site "?"]
[Date "????.??.??"]
[Round "3.6"]
[White "Herraiz Hidalgo, Herminio"]
[Black "Suarez Pouza, Diego"]
[Result "1/2-1/2"]
[WhiteElo "2499"]
[BlackElo "2383"]
[PlyCount "87"]
[SourceDate "2003.01.01"]

1. d4 Nf6 2. c4 e6 3. Nc3 Bb4 4. Qc2 c5 5. dxc5 Na6 6. a3 Bxc3+ 7. Qxc3 Nxc5 8.
b4 Nce4 9. Qb2 d5 10. c5 d4 11. e3 e5 12. Nf3 O-O 13. Nxe5 Nc3 14. Bc4 b5 15.
cxb6 Qxb6 16. Qb3 Ba6 17. O-O Rac8 18. Bxa6 Qxa6 19. Bb2 Ne2+ 20. Kh1 Ne4 21.
Qd3 Qxd3 22. Nxd3 dxe3 23. fxe3 Rc2 24. Bd4 Rd8 25. Nc5 Nd2 26. Rfe1 Nxd4 27.
exd4 h5 28. h3 Rxd4 29. Re8+ Kh7 30. Re7 Nc4 31. Rxf7 Rdd2 32. Rg1 Ne5 33. Rf5
Re2 34. Rxh5+ Kg6 35. Rh4 Nf3 36. Rg4+ Kh6 37. Rf1 Rf2 38. Rd1 Rcd2 39. Rc1 Rc2
40. Rd1 Rcd2 41. Rg1 Nxg1 42. Ne4 Nf3 43. Nxf2 Rxf2 44. gxf3 1/2-1/2

[Event "Cto de España"]
[Site "?"]
[Date "????.??.??"]
[Round "3.7"]
[White "Patiño Romaris, Juan roberto"]
[Black "Damaso, Rui"]
[Result "0-1"]
[WhiteElo "2284"]
[BlackElo "2460"]
[PlyCount "60"]
[SourceDate "2003.01.01"]

1. d4 d6 2. c4 e5 3. dxe5 dxe5 4. Qxd8+ Kxd8 5. Nc3 Be6 6. e3 c6 7. Bd2 Nd7 8.
O-O-O Kc7 9. Nf3 f6 10. Rg1 h5 11. Nh4 Ne7 12. f4 exf4 13. exf4 Nb6 14. b3 Nf5
15. Nxf5 Bxf5 16. Kb2 Bc5 17. Rh1 a5 18. a4 Nd7 19. Be2 Rae8 20. Bf3 Bb4 21.
Na2 Bxd2 22. Rxd2 Nc5 23. Nc1 h4 24. g4 hxg3 25. hxg3 Rxh1 26. Bxh1 Re3 27. Rg2
Be4 28. Rg1 Bxh1 29. Rxh1 Rxg3 30. Rh7 Ne6 0-1

[Event "Cto de España"]
[Site "?"]
[Date "????.??.??"]
[Round "3.8"]
[White "Visier Segovia, Fernando"]
[Black "Cruz alvarez de Ron, Dan"]
[Result "1/2-1/2"]
[WhiteElo "2183"]
[BlackElo "2265"]
[PlyCount "31"]
[SourceDate "2003.01.01"]

1. Nf3 g6 2. e4 Bg7 3. d4 d6 4. Be2 Nd7 5. O-O e6 6. Re1 Ne7 7. Nc3 a6 8. a4 b6
9. Bf1 Bb7 10. Bf4 h6 11. h4 Nf6 12. Qd2 d5 13. exd5 Nfxd5 14. Nxd5 Bxd5 15.
Ra3 Kf8 16. Be5 1/2-1/2

[Event "Cto de España"]
[Site "?"]
[Date "????.??.??"]
[Round "3.9"]
[White "Bernal Moro, Luis Javier"]
[Black "Gaya Llodra, Juan"]
[Result "1-0"]
[WhiteElo "2410"]
[BlackElo "2246"]
[PlyCount "78"]
[SourceDate "2003.01.01"]

1. Nf3 Nf6 2. c4 c6 3. Nc3 d5 4. e3 g6 5. d4 Bg7 6. Be2 O-O 7. O-O Ne4 8. Qb3
dxc4 9. Bxc4 Nd6 10. Be2 Bf5 11. Rd1 Nd7 12. Nh4 Be6 13. Qc2 f5 14. Nf3 h6 15.
b3 Rc8 16. Bb2 Qe8 17. Rac1 Qf7 18. Bd3 g5 19. Ne2 Bd5 20. Ne5 Qe6 21. Nxd7
Qxd7 22. Ba3 Qe6 23. Re1 Rf7 24. Ng3 Rcf8 25. Bxd6 exd6 26. Nxf5 Rxf5 27. Bxf5
Qxf5 28. Qxf5 Rxf5 29. e4 Bxe4 30. Rxe4 d5 31. Re8+ Kf7 32. Rb8 Bxd4 33. Rxb7+
Kg6 34. Rc2 Kh5 35. h3 Rf4 36. g4+ Kh4 37. Kg2 Rf6 38. Rc7 c5 39. Rd7 Be5 1-0

[Event "Cto de España"]
[Site "?"]
[Date "????.??.??"]
[Round "3.10"]
[White "Pons Morro, Pedro"]
[Black "Alvarez Ibarra, Rafael"]
[Result "0-1"]
[WhiteElo "2209"]
[BlackElo "2421"]
[PlyCount "116"]
[SourceDate "2003.01.01"]

1. d4 Nf6 2. c4 c5 3. d5 b5 4. Nd2 bxc4 5. e4 c3 6. bxc3 g6 7. Nc4 d6 8. Qc2
Bg7 9. Bb2 O-O 10. Nf3 e6 11. Ne3 exd5 12. exd5 Ng4 13. Nxg4 Bxg4 14. Be2 Bf5
15. Qd2 Nd7 16. c4 Bxb2 17. Qxb2 Rb8 18. Qd2 Qf6 19. O-O Rfe8 20. Rae1 Rb2 21.
Qd1 Rxa2 22. h3 Qb2 23. Bd3 Rxe1 24. Nxe1 Ra1 25. Qc2 Qxc2 26. Bxc2 Ne5 27.
Bxf5 gxf5 28. Nc2 Rxf1+ 29. Kxf1 Nxc4 30. f4 Kg7 31. Ke2 Kf6 32. Kd3 Nb2+ 33.
Kd2 Na4 34. Ne3 Nb6 35. Kc3 Kg6 36. Kb3 Kf6 37. Kc3 a6 38. Kb3 h6 39. Kc3 Kg6
40. Kb3 Kf6 41. Kc3 h5 42. h4 Kg6 43. Kb3 a5 44. Kb2 a4 45. Ka3 Kf6 46. Ka2 c4
47. Kb2 Kg6 48. g3 Kf6 49. Ka3 c3 50. Ka2 Kg6 51. Ka3 Kh7 52. Ka2 Kg8 53. Ka3
Kf8 54. Ka2 Ke8 55. Ka3 Kd7 56. Ka2 Kc7 57. Ka3 Kb7 58. Nxf5 Nc4+ 0-1

[Event "Cto de España"]
[Site "?"]
[Date "????.??.??"]
[Round "3.11"]
[White "Mate Adan, Jose"]
[Black "Barcelo Pujadas, Pedro Jose"]
[Result "0-1"]
[WhiteElo "2188"]
[BlackElo "2202"]
[PlyCount "82"]
[SourceDate "2003.01.01"]

1. d4 d5 2. Nc3 Nf6 3. Bg5 e6 4. f3 Be7 5. Nh3 c5 6. e4 dxe4 7. dxc5 O-O 8.
Qxd8 Rxd8 9. Nxe4 Nc6 10. Bd3 e5 11. Nhf2 Nxe4 12. Nxe4 Bxg5 13. Nxg5 h6 14.
Ne4 Be6 15. a3 f5 16. Ng3 g6 17. O-O a5 18. Rad1 Kf7 19. Be2 Nd4 20. Bd3 a4 21.
c3 Nb3 22. Bc2 Nxc5 23. h4 h5 24. Rfe1 Kf6 25. Nf1 b5 26. Ne3 f4 27. Rxd8 Rxd8
28. Rd1 Rxd1+ 29. Nxd1 Bf5 30. Bxf5 gxf5 31. Kf2 e4 32. Ke2 Ke5 33. Nf2 Kd5 34.
Nh3 Nd3 35. Kd2 Kc4 36. Ng5 e3+ 37. Ke2 Nc1+ 38. Kd1 Kd3 39. Ne6 e2+ 40. Ke1
Ke3 41. Nc5 Nd3+ 0-1

[Event "Cto de España"]
[Site "?"]
[Date "????.??.??"]
[Round "3.12"]
[White "Mas Garces, Juan Carlos"]
[Black "Rodriguez Amezqueta, Carlos"]
[Result "1/2-1/2"]
[WhiteElo "2150"]
[BlackElo "2056"]
[PlyCount "42"]
[SourceDate "2003.01.01"]

1. d4 Nf6 2. Nf3 g6 3. Nc3 d5 4. Bf4 Bg7 5. e3 O-O 6. Be2 c5 7. Ne5 cxd4 8.
exd4 Nc6 9. O-O Qb6 10. Nxc6 bxc6 11. Qd2 Qxb2 12. Rfb1 Qa3 13. Bc7 e6 14. Rb3
Qe7 15. Be5 c5 16. Qf4 c4 17. Bd6 Qd8 18. Bxf8 cxb3 19. Bxg7 b2 20. Rb1 Kxg7
21. Rxb2 Qa5 1/2-1/2

[Event "Cto de España"]
[Site "?"]
[Date "????.??.??"]
[Round "3.18"]
[White "Pablo Mari, Alejandro"]
[Black "Alonso Martinez, Tomas"]
[Result "1-0"]
[WhiteElo "2413"]
[BlackElo "2165"]
[PlyCount "63"]
[SourceDate "2003.01.01"]

1. e4 e5 2. Bc4 Nf6 3. d3 Nc6 4. Nf3 Bc5 5. O-O d6 6. c3 O-O 7. Nbd2 a6 8. Bb3
Qe7 9. Nc4 Be6 10. d4 Bxc4 11. Bxc4 Bb6 12. Re1 Rad8 13. Bg5 h6 14. Bh4 g5 15.
Bg3 Nxe4 16. Rxe4 d5 17. Re1 dxc4 18. Nxe5 Nxe5 19. Rxe5 Qf6 20. Qe2 c5 21.
dxc5 Bc7 22. Re3 Bxg3 23. hxg3 b5 24. cxb6 Qxb6 25. Re1 Rc8 26. Rd1 Rc6 27. Rd2
Rfc8 28. Re8+ Rxe8 29. Qxe8+ Kg7 30. Rd8 Re6 31. Qh8+ Kg6 32. g4 1-0

[Event "Cto de España"]
[Site "?"]
[Date "????.??.??"]
[Round "3.19"]
[White "Pita-Romero Rodriguez, Rafael"]
[Black "Pomes Marcet, Juan"]
[Result "0-1"]
[WhiteElo "2099"]
[BlackElo "2379"]
[PlyCount "70"]
[SourceDate "2003.01.01"]

1. e4 e6 2. d4 d5 3. e5 c5 4. c3 Nc6 5. Be3 Bd7 6. Nf3 cxd4 7. cxd4 Nge7 8. Nc3
Nf5 9. Bd3 Nxe3 10. fxe3 Be7 11. O-O O-O 12. a3 f5 13. exf6 Bxf6 14. Qc2 h6 15.
Rf2 g5 16. Raf1 Qe7 17. Bg6 Bg7 18. b4 a6 19. Qe2 Be8 20. Bb1 Rf6 21. Nd2 Rxf2
22. Rxf2 Nxd4 23. Qd3 Nf5 24. Nxd5 Qd7 25. g4 Qxd5 26. Qxd5 exd5 27. Rxf5 d4
28. Ba2+ Kh8 29. exd4 Bxd4+ 30. Kf1 Bg6 31. Rf3 Be5 32. h3 Rd8 33. Ke2 Bf4 34.
Nc4 b5 35. Ne3 Bd3+ 0-1

[Event "Cto de España"]
[Site "?"]
[Date "????.??.??"]
[Round "3.27"]
[White "Simonet Pons, Marc"]
[Black "Carrasco Martinez, Juan M."]
[Result "1-0"]
[WhiteElo "2334"]
[BlackElo "2370"]
[PlyCount "75"]
[SourceDate "2003.01.01"]

1. d4 Nf6 2. c4 c5 3. d5 b5 4. cxb5 a6 5. bxa6 g6 6. Nc3 Bxa6 7. Nf3 d6 8. e4
Bxf1 9. Kxf1 Bg7 10. g3 Nbd7 11. Kg2 O-O 12. Re1 Nb6 13. Qc2 Qd7 14. a4 Ra6 15.
b3 Rfa8 16. Nd2 e6 17. dxe6 Qxe6 18. Bb2 Qd7 19. Nb5 Qc6 20. Rad1 Re8 21. Bxf6
Bxf6 22. Nc4 Nxc4 23. Qxc4 Rd8 24. Rd3 Be7 25. Red1 Raa8 26. Rf3 Rf8 27. h4 h5
28. Nc3 Rae8 29. b4 Kg7 30. b5 Qa8 31. Nd5 Bd8 32. b6 Re5 33. Rb1 f5 34. b7 Qb8
35. exf5 Rfxf5 36. Rxf5 Rxf5 37. Nf4 d5 38. Qxc5 1-0